Don't tell the enemy /

Krystia's family is hiding Jews from the invading Nazis, but the risks are immense. How much will she risk for her friends? A gripping story based on true events. During the Soviet occupation of Ukraine during World War II, some of Krystia's family are harrassed. Others are arrested and ki...

Full description

Bibliographic Details
Main Author: Skrypuch, Marsha Forchuk (Author)
Format: Book
Language:English
Published: Toronto : Scholastic Canada Ltd., [2018].
Subjects:

MARC

Tag First Indicator Second Indicator Subfields
LEADER 00000cam a2200000Ii 4500
001 in00004026321
005 20190802131407.0
008 170717t20182018onc j 000 f eng d
035 |a (OCoLC)on1017943999 
040 |a NLC  |b eng  |e rda  |c NLC  |d CDX  |d C#P 
020 |a 9781443128391  |q (softcover) 
020 |a 1443128392  |q (softcover) 
050 4 |a PZ7.S62853  |b Do 2018 
055 0 |a PS8587 K79  |b D66 2018 
082 0 |a jC813/.54  |2 23 
049 |a TXAM 
100 1 |a Skrypuch, Marsha Forchuk,  |e author. 
245 1 0 |a Don't tell the enemy /  |c Marsha Forchuk Skrypuch. 
246 3 |a Do not tell the enemy 
264 1 |a Toronto :  |b Scholastic Canada Ltd.,  |c [2018]. 
264 4 |c ©2018. 
300 |a 184 pages ;  |c 20 cm. 
336 |a text  |b txt  |2 rdacontent 
337 |a unmediated  |b n  |2 rdamedia 
338 |a volume  |b nc  |2 rdacarrier 
520 |a Krystia's family is hiding Jews from the invading Nazis, but the risks are immense. How much will she risk for her friends? A gripping story based on true events. During the Soviet occupation of Ukraine during World War II, some of Krystia's family are harrassed. Others are arrested and killed. When the Nazis liberate the town, they are welcomed with open arms. Krystia's best friend Dolik isn't so sure. His family is Jewish and there are rumors that the Nazis might be even more brutal than the Soviets. Shortly after the Nazis arrive, they discover a mass grave of Soviet prisoners and blame the slaughter on the Jews. Soon, the Nazis establish ghettoes and begin public executions of Jews. Krystia can't bear to see her friends suffering and begins smuggling food into the ghetto. When rumors circulate that the ghetto will be evacuated and the Jews will be exterminated, Krystia must decide if she's willing to risk her own family's safety to save her friends. 
650 0 |a World War, 1939-1945  |v Juvenile fiction. 
650 0 |a Nazis  |v Juvenile fiction. 
650 0 |a Families  |v Juvenile fiction. 
650 0 |a Friendship  |v Juvenile fiction. 
945 |b 837685 
947 |a A14850559858 
948 |a cataloged  |b h  |c 2019/8/2  |d c  |e dmitchel  |f 1:10:20 pm 
994 |a 92  |b TXA 
999 f f |s e3166582-9228-3e10-b1c1-7bfada7b3b17  |i 2f9cd15d-9a72-38f9-a03a-4f0653e64a75  |t 0 
952 f f |p normal  |a Texas A&M University  |b College Station  |c Sterling C. Evans Library  |d Evans: Curriculum Collection (4th floor)  |t 0  |e PZ7.S62853 Do 2018  |h Library of Congress classification  |i unmediated -- volume  |m A14850559858 
998 f f |a PZ7.S62853 Do 2018  |t 0  |l Evans: Curriculum Collection (4th floor)